[Event "1st Qinhuangdao Open"]
[Site "Qinhuangdao CHN"]
[Date "2011.10.07"]
[Round "9"]
[White "Ding, Yixin"]
[Black "Tan, Zhongyi"]
[Result "1/2-1/2"]
[WhiteTitle "WGM"]
[BlackTitle "WGM"]
[WhiteElo "2340"]
[BlackElo "2429"]
[WhiteFideId "8602972"]
[BlackFideId "8603642"]
[EventDate "2011.10.01"]

1. e4 d6 2. d4 Nf6 3. Nc3 g6 4. f4 Bg7 5. Nf3 c5 6. Bb5+ Bd7 7. e5 Ng4 8. Bxd7+
Qxd7 9. d5 dxe5 10. h3 e4 11. Nxe4 Nf6 12. Nxf6+ Bxf6 13. O-O O-O 14. Be3 Qc7
15. Ne5 Nd7 16. Ng4 Bxb2 17. Rb1 Bg7 18. f5 Nf6 19. fxg6 fxg6 20. c4 Ne4 21.
Nh6+ Kh8 22. Qg4 Ng3 23. Nf7+ Kg8 24. Qe6 Ne2+ 25. Kh1 Ng3+ 26. Kg1 Ne2+ 27. Kh1
Ng3+ 28. Kg1 Ne2+ 1/2-1/2

[Event "1st Qinhuangdao Open"]
[Site "Qinhuangdao CHN"]
[Date "2011.10.07"]
[Round "9"]
[White "Wu, Wenjin"]
[Black "Zhang, Hanyu"]
[Result "0-1"]
[WhiteTitle "GM"]
[WhiteElo "2387"]
[BlackElo "2102"]
[WhiteFideId "8600716"]
[BlackFideId "8607974"]
[EventDate "2011.10.01"]

1. d4 Nf6 2. f3 d5 3. c4 e6 4. Nc3 c5 5. e3 Nc6 6. cxd5 exd5 7. Nge2 h5 8. a3 a6
9. dxc5 Bxc5 10. Nf4 d4 11. exd4 Nxd4 12. Bc4 O-O 13. Nd3 Re8+ 14. Kf1 Ba7 15.
Bg5 Ng4 16. Ne4 Qc7 17. Bf4 Qxc4 18. Nd6 Qc2 19. Nxc8 Re1+ 0-1

[Event "1st Qinhuangdao Open"]
[Site "Qinhuangdao CHN"]
[Date "2011.10.07"]
[Round "9"]
[White "Huang, Qian"]
[Black "Tian, Tian"]
[Result "1-0"]
[WhiteTitle "WGM"]
[BlackTitle "WGM"]
[WhiteElo "2421"]
[BlackElo "2190"]
[WhiteFideId "8602689"]
[BlackFideId "8602417"]
[EventDate "2011.10.01"]

1. d4 d5 2. Nf3 Nf6 3. c4 e6 4. Nc3 Be7 5. Bg5 O-O 6. e3 h6 7. Bxf6 Bxf6 8. Qb3
c6 9. Be2 Nd7 10. O-O dxc4 11. Bxc4 e5 12. Rfd1 exd4 13. Nxd4 Qc7 14. Qc2 Ne5
15. Be2 Ng4 16. Nf3 Qe7 17. h3 Bxc3 18. Qxc3 Nf6 19. Qe5 Qxe5 20. Nxe5 Be6 21.
Bc4 Bxc4 22. Nxc4 Rac8 23. f3 Rfd8 24. Kf2 g6 25. e4 Kf8 26. Rac1 Ke7 27. Ke3
Rxd1 28. Rxd1 b5 29. Ne5 c5 30. a4 Ke6 31. Nd3 b4 32. Rc1 Nd7 33. Nxb4 Nb6 34.
Nd3 c4 35. Nf4+ Kd7 36. a5 Na4 37. Rc2 Rb8 38. Rxc4 Nxb2 39. Rc2 Rb5 40. Nd5 Kd8
41. Kd4 Na4 42. Ra2 Nb2 43. Kc3 Nd1+ 44. Kc4 a6 45. Kd4 Nb2 46. Kc3 Nd1+ 47. Kd2
Nf2 48. Ke2 Nh1 49. Nc3 Rc5 50. Kd3 Ng3 51. Kd4 Rh5 52. Nd5 Rg5 53. Rb2 Kd7 54.
h4 1-0

[Event "1st Qinhuangdao Open"]
[Site "Qinhuangdao CHN"]
[Date "2011.10.07"]
[Round "9"]
[White "Liu, Chang"]
[Black "Guo, Qi"]
[Result "1/2-1/2"]
[BlackTitle "WGM"]
[WhiteElo "2259"]
[BlackElo "2367"]
[WhiteFideId "8606340"]
[BlackFideId "8604002"]
[EventDate "2011.10.01"]

1. c4 e6 2. d4 Nf6 3. Nc3 Bb4 4. a3 Bxc3+ 5. bxc3 c5 6. e3 O-O 7. Bd3 Nc6 8. Nf3
d5 9. O-O Qc7 10. Qe2 dxc4 11. Bxc4 e5 12. Nxe5 Nxe5 13. dxe5 Qxe5 14. Bb2 Bd7
15. Rae1 Rfe8 16. f3 Qc7 17. Bd3 Bc6 18. c4 Nd7 19. e4 Ne5 20. f4 Nxd3 21. Qxd3
f6 22. e5 Rad8 23. Qc2 fxe5 24. Rxe5 Rxe5 25. Bxe5 Qd7 26. Qf2 Qf5 27. h3 b6 28.
Kh2 Rd3 29. Re1 Qd7 30. Re3 Rd2 31. Re2 Rxe2 32. Qxe2 Qf5 33. Qd2 Qd7 34. Qe3
Qf5 35. Bb8 a6 36. Qe7 Qe4 37. Qxe4 Bxe4 1/2-1/2